000 01377nam0a22002891 4500
001 rc\86211
005 20250620174429.0
035 _a(NLR Aleph) 005354077
090 _a6828066
_c6828066
100 _a20021216d1995 |||y0rusy50 ca
101 0 _arus
102 _aRU
105 _aa |||||||||
200 1 _aЗащищая свою крутизну
_e[Стихи]
_fГригорий Поженян
210 _aМ.
_cБ. и.
_d1995
215 _a131 с.
_cил.
_d21
327 1 _aСодерж.: Циклы: Высокие гнезда; Будет безмолвным мое погружение...; Мети, мети, моей судьбы метель; Под отеческими вязами...
464 0 _12001#$aВысокие гнезда
_tВысокие гнезда
464 0 _12001#$aБудет безмолвным мое погружение...
_tБудет безмолвным мое погружение...
464 0 _12001#$aМети, мети, моей судьбы метель
_tМети, мети, моей судьбы метель
464 0 _12001#$aПод отеческими вязами...
_tПод отеческими вязами...
700 1 _aПоженян
_bГ.М.
_f1922-
_gГригорий Михайлович
801 0 _aRU
_bNLR
_gpsbo
801 1 _aRU
_bELAR
_2rusmarc
852 _aNLR
_j96-3/620
942 _cBOOK
980 _aNB